000 00441nam a2200169Ia 4500
003 GCL
008 140319s9999 xx 000 0 eng d
040 _aGCL /
_cGCL
082 0 4 _a658.835
_bC P
100 1 _aCOOPER, MARJAIRE
245 1 0 _aPRINCIPLES OF MARKETING /
_cCOOPER, MARJAIRE
260 _a[S.N] :
_bHARPER COLLINS COLLEGE PUBLISBERS
650 0 4 _aMANAGEMENT
650 0 4 _aMARKETING
650 0 4 _aMARKET STUDY
942 _2ddc
_cBK
999 _c15623
_d15623